KOHA-Header-6

Khandan : Zaati Milkeat aur Riyasat Ka Aghaz (Record no. 7413)

000 -LEADER
fixed length control field 00283nam a2200109Ia 4500
100 ## - MAIN ENTRY--AUTHOR NAME
Personal name Fredrick Angles
245 #0 - TITLE STATEMENT
Title Khandan : Zaati Milkeat aur Riyasat Ka Aghaz
260 ## - PUBLICATION, DISTRIBUTION, ETC. (IMPRINT)
Place of publication Karachi
Name of publisher Fiction House
Year of publication 2016
300 ## - PHYSICAL DESCRIPTION
Number of Pages 258
942 ## - ADDED ENTRY ELEMENTS (KOHA)
Koha item type Books
Holdings
Withdrawn status Lost status Collection code Permanent Location Current Location Shelving location Date acquired Full call number Accession Number Koha item type
    Urdu Literature MAJU MAJU   2019-09-12 323.24 1275 Urdu Literature

Powered by Koha